Statistics for Discípulos de Jesús

Click here to take the quiz!

General Stats

  • This quiz has been taken 1,400 times
  • The average score is 6 of 12

Answer Stats

Discípulo % Correct
Judas
92%
Pedro
90%
Juan
90%
Mateo
74%
Jacobo (Hijo de Zebedeo)
49%
Jacobo (Hijo de Alfeo)
49%
Tomás
44%
Simón
39%
Tadeo
33%
Andres
32%
Bartolomé
25%
Felipe
24%

Score Distribution

Percentile by Number Answered

Percent of People with Each Score

Your Score History

You have not taken this quiz